[Event "Aegean op 41st"]
[Site "Aghios Kirykos"]
[Date "2018.07.20"]
[Round "7"]
[White "Pandelidis, Ioannis"]
[Black "Repplinger, Marc"]
[Result "1/2-1/2"]
[WhiteElo "2155"]
[BlackElo "2210"]
[PlyCount "50"]
[EventDate "2018.07.16"]
[EventType "swiss"]
[EventRounds "9"]
[EventCountry "GRE"]
[SourceTitle "CBM 186 Extra"]
[Source "ChessBase"]
[SourceDate "2018.08.24"]
[SourceVersion "1"]
[SourceVersionDate "2018.08.24"]
[SourceQuality "1"]

1. Nf3 d5 2. d4 e6 3. Bf4 c5 4. e3 Nc6 5. c3 Bd6 6. Bg3 Nf6 7. Nbd2 Bxg3 8. hxg3 Qb6 9. Rb1 Bd7 10. Bd3 cxd4 11. exd4 0-0-0 12. 0-0 Kb8 13. b4 h5 14. a4 Qc7 15. Re1 Ng4 16. Bb5 f6 17. Nb3 e5 18. Bxc6 Bxc6 19. b5 Bd7 20. Nc5 e4 21. Nd2 e3 22. fxe3 Qxg3 23. Qf3 Qh2+ 24. Kf1 Qd6 25. Qf4 Bf5 1/2-1/2

[Event "Aegean op 41st"]
[Site "Aghios Kirykos"]
[Date "2018.07.17"]
[Round "3"]
[White "Khetsuriani, Besarion"]
[Black "Pandelidis, Ioannis"]
[Result "1-0"]
[WhiteElo "2236"]
[BlackElo "2155"]
[PlyCount "93"]
[EventDate "2018.07.16"]
[EventType "swiss"]
[EventRounds "9"]
[EventCountry "GRE"]
[SourceTitle "CBM 186 Extra"]
[Source "ChessBase"]
[SourceDate "2018.08.24"]
[SourceVersion "1"]
[SourceVersionDate "2018.08.24"]
[SourceQuality "1"]

1. c4 Nf6 2. Nf3 e6 3. b3 d5 4. Bb2 c5 5. cxd5 exd5 6. e3 Nc6 7. d4 Be7 8. Be2 0-0 9. 0-0 a6 10. Nc3 Be6 11. dxc5 Bxc5 12. Rc1 Ba7 13. Na4 Ne4 14. Nd4 Bd7 15. Nxc6 Bxc6 16. Bd4 Bxd4 17. Qxd4 Qe8 18. Rfe1 Rd8 19. Nc5 Rd6 20. Nxe4 Qxe4 21. Red1 Rfd8 22. Rd2 Qxd4 23. Rxd4 Kf8 24. Kf1 Ke7 25. Ke1 g6 26. h4 R8d7 27. Kd2 Rf6 28. Bf3 Rfd6 29. Bg4 Rd8 30. a4 a5 31. Be2 Rf6 32. Ke1 Re6 33. g4 h6 34. Kd2 Rf6 35. f4 Re6 36. Bd3 Red6 37. Rh1 Kf6 38. g5+ Kg7 39. h5 gxh5 40. Rxh5 hxg5 41. fxg5 R6d7 42. Rh7+ Kf8 43. Rf4 Re8 44. g6 Ree7 45. g7+ Kg8 46. Rg4 f5 47. Rh8+ 1-0

[Event "Nikaia op 24th"]
[Site "Nikaia"]
[Date "2016.09.02"]
[Round "9"]
[White "Pandelidis, Ioannis"]
[Black "Gogolis, Alexandros"]
[Result "1/2-1/2"]
[WhiteElo "2123"]
[BlackElo "2210"]
[PlyCount "83"]
[EventDate "2016.08.25"]
[EventType "swiss"]
[EventRounds "9"]
[EventCountry "GRE"]
[SourceTitle "CBM 174 Extra"]
[Source "ChessBase"]
[SourceDate "2016.10.10"]
[SourceVersion "1"]
[SourceVersionDate "2016.10.10"]
[SourceQuality "1"]

1. e4 c6 2. d4 d5 3. Nc3 dxe4 4. Nxe4 Nf6 5. Nxf6+ exf6 6. c3 Bd6 7. Bd3 0-0 8. Qf3 Re8+ 9. Ne2 Nd7 10. 0-0 Nf8 11. Bf4 Ne6 12. Bxd6 Qxd6 13. Rfe1 Bd7 14. Qg3 Qxg3 15. fxg3 c5 16. d5 Nc7 17. c4 Re3 18. Nf4 Rxe1+ 19. Rxe1 Re8 20. Rxe8+ Nxe8 21. Ne2 Nd6 22. Nc3 f5 23. Nb1 b6 24. Nd2 Kf8 25. Kf2 Ke7 26. Ke3 Kf6 27. h3 h6 28. a3 a5 29. b3 g5 30. a4 Be8 31. Bc2 Ke7 32. Bd3 f6 33. g4 fxg4 34. hxg4 Bd7 35. Kf3 Be8 36. Bf5 h5 37. Ne4 hxg4+ 38. Kxg4 Bf7 39. Bh7 Nxe4 40. Bxe4 Be8 41. Bf5 Kd6 42. Kf3 1/2-1/2

[Event "Paleochora op 9th"]
[Site "Paleochora"]
[Date "2016.07.22"]
[Round "4"]
[White "Pandelidis, Ioannis"]
[Black "Andreev, Eduard"]
[Result "0-1"]
[WhiteElo "2123"]
[BlackElo "2441"]
[PlyCount "104"]
[EventDate "2016.07.20"]
[EventType "swiss"]
[EventRounds "9"]
[EventCountry "GRE"]
[SourceTitle "EXT 2017"]
[Source "ChessBase"]
[SourceDate "2016.10.25"]
[SourceVersion "1"]
[SourceVersionDate "2016.10.25"]
[SourceQuality "1"]

1. e4 c5 2. Nc3 Nc6 3. Bb5 Nd4 4. Nf3 e6 5. 0-0 a6 6. Bd3 Nc6 7. Be2 b5 8. d4 cxd4 9. Nxd4 Bb7 10. Bf3 Ne5 11. Re1 Nf6 12. Bg5 Be7 13. a3 0-0 14. Be2 h6 15. Bd2 Rc8 16. Nf3 Nc4 17. Bxc4 Rxc4 18. Ne5 Rc8 19. Ng4 Qc7 20. Nxf6+ Bxf6 21. Qg4 Kh7 22. f4 Bd4+ 23. Kh1 f5 24. exf5 Rxf5 25. h4 Rcf8 26. Rad1 R8f6 27. Re2 Rg6 28. Qh3 Qc6 29. Kh2 Bxc3 30. bxc3 h5 31. Rf1 Rg4 32. Rf3 Qc4 33. Rd3 Be4 34. Rde3 Rfxf4 35. g3 Rf5 36. Kg1 Qc5 37. Kh2 d5 38. Be1 Qf8 39. Kg1 Rf3 40. Rf2 Rxf2 41. Bxf2 Qxa3 42. Qf1 Qb2 43. Qd1 a5 44. Qd4 Bf5 45. Qb6 a4 46. Rxe6 Bxe6 47. Qxe6 Qc1+ 48. Kh2 Qxc2 49. Qf7 Rg6 50. Qf3 Rf6 51. Qxh5+ Kg8 52. Qxd5+ Rf7 0-1

[Event "Athens Chess Square op"]
[Site "Athens"]
[Date "2016.05.03"]
[Round "2"]
[White "Pandelidis, Ioannis"]
[Black "Santorinaios, Hristodoulos"]
[Result "1-0"]
[WhiteElo "2135"]
[BlackElo "1933"]
[PlyCount "75"]
[EventDate "2016.05.02"]
[EventType "swiss"]
[EventRounds "7"]
[EventCountry "GRE"]
[SourceTitle "CBM 172 Extra"]
[Source "ChessBase"]
[SourceDate "2016.06.21"]
[SourceVersion "1"]
[SourceVersionDate "2016.06.21"]
[SourceQuality "1"]

1. e4 c5 2. Nc3 g6 3. d4 cxd4 4. Qxd4 Nf6 5. Nf3 Nc6 6. Qa4 d6 7. e5 Ng4 8. exd6 Bg7 9. h3 Nge5 10. Nxe5 Bxe5 11. dxe7 Qxe7 12. Be3 0-0 13. Bd3 Be6 14. 0-0 a6 15. Qe4 f5 16. Qf3 f4 17. Bb6 Bxc3 18. bxc3 Ne5 19. Qe2 Nxd3 20. cxd3 f3 21. Qe3 Qd7 22. Bd4 Rf5 23. Rfe1 Re8 24. g4 Rd5 25. Qxf3 Rxd4 26. cxd4 Qxd4 27. Qe3 Qd5 28. Qe4 Qg5 29. Qe5 Qh4 30. Qg3 Qf6 31. Re5 Rd8 32. Rae1 Bxa2 33. g5 Qc6 34. Re7 Bf7 35. Qe5 Rxd3 36. Qb8+ Kg7 37. Qe5+ Kg8 38. Rc7 1-0

[Event "Athens ChessSquare New Year op"]
[Site "Athens"]
[Date "2016.01.07"]
[Round "7"]
[White "Pandelidis, Ioannis"]
[Black "Harokopakis, Georgios"]
[Result "1-0"]
[WhiteElo "2130"]
[BlackElo "1981"]
[PlyCount "81"]
[EventDate "2016.01.07"]
[EventType "swiss"]
[EventRounds "7"]
[EventCountry "GRE"]
[SourceTitle "EXT 2024"]
[Source "ChessBase"]
[SourceDate "2023.10.10"]
[SourceVersion "1"]
[SourceVersionDate "2023.10.10"]
[SourceQuality "1"]

1. Nf3 Nf6 2. g3 g6 3. Bg2 Bg7 4. 0-0 0-0 5. c4 d6 6. d4 Nbd7 7. Nc3 e5 8. e3 c6 9. Nd2 Re8 10. d5 cxd5 11. cxd5 Nc5 12. e4 Bd7 13. Qe2 Rc8 14. Ndb1 Qa5 15. Be3 b5 16. Bxc5 Rxc5 17. a3 Qb6 18. Nd2 Rc7 19. Rfb1 a6 20. Nf1 h5 21. h3 Bh6 22. Nd1 b4 23. axb4 Bb5 24. Qf3 Kg7 25. Nc3 Bd7 26. Qe2 Ra8 27. b5 a5 28. Nd2 Bxd2 29. Qxd2 Bxb5 30. Qe1 Bd7 31. Na4 Bxa4 32. Rxa4 Qb5 33. b3 Qd3 34. Bf1 Qc2 35. Rba1 Rc3 36. b4 Rb8 37. R4a2 Qxe4 38. Qxc3 axb4 39. Qb3 Nxd5 40. Bg2 Qf5 41. Bxd5 1-0

[Event "Athens ChessSquare New Year op"]
[Site "Athens"]
[Date "2016.01.04"]
[Round "4"]
[White "Panoutsopoulos, Pavlos"]
[Black "Pandelidis, Ioannis"]
[Result "0-1"]
[WhiteElo "1797"]
[BlackElo "2130"]
[PlyCount "49"]
[EventDate "2016.01.07"]
[EventType "swiss"]
[EventRounds "7"]
[EventCountry "GRE"]
[SourceTitle "EXT 2024"]
[Source "ChessBase"]
[SourceDate "2023.10.10"]
[SourceVersion "1"]
[SourceVersionDate "2023.10.10"]
[SourceQuality "1"]

1. e4 c5 2. Nf3 Nc6 3. Bb5 d6 4. Bxc6+ bxc6 5. h3 e5 6. d3 Be7 7. 0-0 f5 8. Nc3 f4 9. Kh1 Nf6 10. Bd2 h6 11. Qe2 g5 12. Ng1 Be6 13. f3 Qd7 14. Be1 Kf7 15. Bf2 Rag8 16. Rad1 h5 17. Rd2 Rg6 18. Qd1 Ke8 19. b3 Rhg8 20. Be1 g4 21. Qe2 gxh3 22. gxh3 h4 23. Bxh4 Rh6 24. Qe1 Bxh3 25. Nxh3 0-1

[Event "Nikaia op 23rd"]
[Site "Nikaia"]
[Date "2015.09.02"]
[Round "7"]
[White "Pandelidis, Ioannis"]
[Black "Anthopoulos, Hristos"]
[Result "1-0"]
[WhiteElo "2114"]
[BlackElo "1946"]
[PlyCount "59"]
[EventDate "2015.08.26"]
[EventType "swiss"]
[EventRounds "9"]
[EventCountry "GRE"]
[SourceTitle "EXT 2016"]
[Source "ChessBase"]
[SourceDate "2015.10.08"]
[SourceVersion "1"]
[SourceVersionDate "2015.10.08"]
[SourceQuality "1"]

1. e4 c5 2. Nc3 g6 3. f4 Bg7 4. Nf3 Nc6 5. Bc4 d6 6. 0-0 e6 7. d3 Nge7 8. Bb3 a6 9. Be3 b5 10. Qe1 0-0 11. Qh4 Nd4 12. Bxd4 cxd4 13. Ne2 Nc6 14. Qf2 Qf6 15. g4 Bd7 16. h4 Qd8 17. Ng3 Kh8 18. h5 a5 19. a3 Rc8 20. Qh2 gxh5 21. Nxh5 Qe7 22. Rf2 f6 23. Rg2 Be8 24. Nxg7 Kxg7 25. g5 Bg6 26. f5 exf5 27. exf5 Qe3+ 28. Kh1 Qxf3 29. Qh6+ Kh8 30. fxg6 1-0

[Event "Nikaia op 23rd"]
[Site "Nikaia"]
[Date "2015.09.01"]
[Round "6"]
[White "Koutsogiannis, Efthymios"]
[Black "Pandelidis, Ioannis"]
[Result "1-0"]
[WhiteElo "1960"]
[BlackElo "2114"]
[PlyCount "181"]
[EventDate "2015.08.26"]
[EventType "swiss"]
[EventRounds "9"]
[EventCountry "GRE"]
[SourceTitle "EXT 2016"]
[Source "ChessBase"]
[SourceDate "2015.10.08"]
[SourceVersion "1"]
[SourceVersionDate "2015.10.08"]
[SourceQuality "1"]

1. e4 c5 2. c3 d5 3. exd5 Qxd5 4. d4 Nf6 5. Nf3 e6 6. Be3 cxd4 7. Bxd4 Nc6 8. Nbd2 Nxd4 9. Nxd4 Bd7 10. Qf3 Qxf3 11. N2xf3 Bd6 12. Bb5 Rd8 13. 0-0 Bxb5 14. Nxb5 Bb8 15. Rad1 Ke7 16. Rfe1 Nd7 17. Nbd4 g6 18. b3 Kf6 19. Ne2 Nc5 20. Ng3 Ke7 21. Kf1 h6 22. Rxd8 Rxd8 23. Ne4 Nd7 24. c4 Rc8 25. h3 a6 26. g4 Nc5 27. Nxc5 Rxc5 28. Rd1 Rc6 29. Ke2 Bf4 30. Rd3 f5 31. Nh4 Kf6 32. Ng2 Bd6 33. f3 Ke7 34. Nh4 g5 35. Ng2 f4 36. Ne1 Rc8 37. Rd1 h5 38. Kf1 hxg4 39. hxg4 Rh8 40. Kg2 e5 41. Nd3 Ke6 42. Nf2 Be7 43. Ne4 b6 44. Rh1 Rxh1 45. Kxh1 b5 46. Kg2 b4 47. Kf1 a5 48. Ke2 Bd8 49. Kd3 Be7 50. Nf2 Bc5 51. Ne4 Be7 52. Nf2 Bc5 53. Nh3 Be7 54. Ke4 Bd8 55. Nf2 Bb6 56. Nd3 Bc7 57. c5 Bb8 58. Nb2 Ba7 59. Nc4 Bxc5 60. Nxe5 Bd6 61. Nc6 Bc7 62. Nd4+ Kf6 63. Kd5 Bb6 64. Ne6 Bf2 65. Nd8 Bb6 66. Nc6 Bc7 67. Nd4 Bb6 68. Nc2 Bd8 69. a3 bxa3 70. Nxa3 Be7 71. Nc4 Bb4 72. Nd6 Ba3 73. Ne4+ Kg6 74. Kc4 Be7 75. Kb5 Bd8 76. Nd6 Kf6 77. Nc4 Ke6 78. Nxa5 Kd5 79. Nc6 Bc7 80. b4 Bd6 81. Kb6 Kc4 82. b5 Kd3 83. Nd8 Ke3 84. Nf7 Kxf3 85. Nxd6 Kxg4 86. Kc5 f3 87. Ne4 f2 88. Nxf2+ Kf3 89. Nd3 Ke3 90. Ne5 Ke4 91. Kd6 1-0

[Event "Nikaia op 23rd"]
[Site "Nikaia"]
[Date "2015.08.27"]
[Round "1"]
[White "Pandelidis, Ioannis"]
[Black "Ntountaniotis, Dimitrios"]
[Result "1-0"]
[WhiteElo "2114"]
[BlackElo "1722"]
[PlyCount "47"]
[EventDate "2015.08.26"]
[EventType "swiss"]
[EventRounds "9"]
[EventCountry "GRE"]
[SourceTitle "EXT 2016"]
[Source "ChessBase"]
[SourceDate "2015.10.08"]
[SourceVersion "1"]
[SourceVersionDate "2015.10.08"]
[SourceQuality "1"]

1. d4 f5 2. Nf3 Nf6 3. Bf4 g6 4. e3 Bg7 5. Bc4 d5 6. Bb3 0-0 7. c4 e6 8. Nc3 c6 9. 0-0 Nbd7 10. Qe2 Re8 11. h3 Qe7 12. Rac1 Kh8 13. Bh2 Ne4 14. Rfd1 Bf6 15. Bc2 Nd6 16. Bd3 Nf7 17. a3 dxc4 18. Bxc4 Nb6 19. Ba2 Bd7 20. Ne5 Rad8 21. f4 Nd6 22. g4 Qg7 23. g5 Be7 24. h4 1-0

[Event "Nikaia op 22nd"]
[Site "Nikaia"]
[Date "2014.09.01"]
[Round "8"]
[White "Pandelidis, Ioannis"]
[Black "Kourkoulos Arditis, Stamatis"]
[Result "1-0"]
[WhiteElo "2070"]
[BlackElo "2296"]
[PlyCount "92"]
[EventDate "2014.08.26"]
[EventType "swiss"]
[EventRounds "9"]
[EventCountry "GRE"]
[SourceTitle "CBM 162 Extra"]
[Source "ChessBase"]
[SourceDate "2014.10.17"]
[SourceVersion "1"]
[SourceVersionDate "2014.10.17"]
[SourceQuality "1"]

1. e4 c5 2. Nc3 Nc6 3. Bb5 g6 4. Bxc6 dxc6 5. f4 Bg7 6. Nf3 Nf6 7. d3 0-0 8. 0-0 b5 9. Qe1 b4 10. Nd1 Bg4 11. Ne3 Bxf3 12. Rxf3 Qd4 13. Kh1 Rad8 14. e5 Nd5 15. Nc4 f6 16. Na5 c4 17. Nxc6 Qc5 18. Nxd8 Rxd8 19. Be3 Qc6 20. dxc4 Qxc4 21. Rf2 Bh6 22. b3 Qc7 23. Rd2 fxe5 24. Rad1 Qc6 25. Bg1 Bxf4 26. Rd3 e6 27. Qe4 Qxc2 28. g3 Bh6 29. Qh4 Rd7 30. Qc4 Rc7 31. Qxc2 Rxc2 32. Re1 Bg7 33. Bxa7 Rxa2 34. Bb8 Rb2 35. Bxe5 Nc3 36. Bxg7 Kxg7 37. Rxe6 Rxb3 38. Rd7+ Kh6 39. h4 Kh5 40. Kg2 g5 41. Re5 h6 42. Kh3 Na2 43. Rh7 Kg6 44. Ra7 Nc1 45. Ra6+ Kh5 46. hxg5 Nd3 1-0

[Event "Nikaia op 22nd"]
[Site "Nikaia"]
[Date "2014.08.30"]
[Round "5"]
[White "Pandelidis, Ioannis"]
[Black "Tsaknakis, Zisis"]
[Result "1-0"]
[WhiteElo "2070"]
[BlackElo "1899"]
[PlyCount "107"]
[EventDate "2014.08.26"]
[EventType "swiss"]
[EventRounds "9"]
[EventCountry "GRE"]
[SourceTitle "CBM 162 Extra"]
[Source "ChessBase"]
[SourceDate "2014.10.17"]
[SourceVersion "1"]
[SourceVersionDate "2014.10.17"]
[SourceQuality "1"]

1. e4 c5 2. Nc3 Nc6 3. Bb5 e6 4. Nf3 a6 5. Bxc6 bxc6 6. d3 d5 7. 0-0 Bd6 8. Qe1 Ne7 9. b3 0-0 10. Na4 f6 11. c4 Ng6 12. Ba3 Nf4 13. Qd2 Qe8 14. Ne1 Qh5 15. f3 Ne2+ 16. Kf2 Nd4 17. Rh1 dxe4 18. dxe4 Rd8 19. Qa5 Re8 20. Rd1 Bxh2 21. Kf1 e5 22. Qxc5 Qh4 23. Nb6 Rb8 24. Nxc8 Rbxc8 25. Bb2 Ne6 26. Qf2 Qxf2+ 27. Kxf2 Bf4 28. Nc2 Red8 29. g3 Bh6 30. Ke2 Kf7 31. Bc3 Ke7 32. Ba5 Rxd1 33. Rxd1 Bg5 34. Bb4+ c5 35. Bc3 Nd4+ 36. Bxd4 cxd4 37. Nb4 a5 38. Nd5+ Ke6 39. Rh1 a4 40. Kd3 axb3 41. axb3 Rb8 42. b4 f5 43. Ra1 fxe4+ 44. Kxe4 Rc8 45. Ra6+ Kf7 46. c5 Bd2 47. c6 Ke8 48. b5 d3 49. Kxd3 Be1 50. g4 g6 51. Ra7 h5 52. gxh5 gxh5 53. Rh7 Rd8 54. Rh8+ 1-0

[Event "Nikaia op 22nd"]
[Site "Nikaia"]
[Date "2014.08.26"]
[Round "1"]
[White "Pandelidis, Ioannis"]
[Black "Ropokis, Dimitrios"]
[Result "1-0"]
[WhiteElo "2070"]
[BlackElo "1678"]
[PlyCount "45"]
[EventDate "2014.08.26"]
[EventType "swiss"]
[EventRounds "9"]
[EventCountry "GRE"]
[SourceTitle "CBM 162 Extra"]
[Source "ChessBase"]
[SourceDate "2014.10.17"]
[SourceVersion "1"]
[SourceVersionDate "2014.10.17"]
[SourceQuality "1"]

1. d4 Nf6 2. Nf3 e6 3. e3 b6 4. Bd3 Bb7 5. Nbd2 Be7 6. e4 d5 7. e5 Ne4 8. Qe2 Nxd2 9. Bxd2 c5 10. c3 Nd7 11. 0-0 0-0 12. Rfe1 Re8 13. Qe3 cxd4 14. cxd4 a6 15. Qf4 f5 16. exf6 Bxf6 17. Re2 Bxd4 18. Qxd4 e5 19. Nxe5 Qf6 20. Rae1 Nc5 21. Bc3 Nxd3 22. Nxd3 Rxe2 23. Rxe2 1-0

[Event "Paleochora op 7th"]
[Site "Paleochora"]
[Date "2014.07.24"]
[Round "5"]
[White "Pandelidis, Ioannis"]
[Black "Kourkoulos Arditis, Stamatis"]
[Result "0-1"]
[WhiteElo "2070"]
[BlackElo "2330"]
[PlyCount "134"]
[EventDate "2014.07.21"]
[EventType "swiss"]
[EventRounds "9"]
[EventCountry "GRE"]
[SourceTitle "CBM 161 Extra"]
[Source "ChessBase"]
[SourceDate "2014.08.29"]
[SourceVersion "1"]
[SourceVersionDate "2014.08.29"]
[SourceQuality "1"]

1. Nf3 Nf6 2. d4 g6 3. Nc3 d5 4. Bf4 Bg7 5. e3 0-0 6. Be2 c5 7. Ne5 cxd4 8. exd4 Be6 9. 0-0 Ne8 10. Bf3 f6 11. Nd3 Bf7 12. Re1 Nc6 13. Nc5 e5 14. dxe5 fxe5 15. Bg3 b6 16. Nb3 e4 17. Be2 Nf6 18. Nb5 Qd7 19. N5d4 a6 20. Nxc6 Qxc6 21. Nd4 Qc5 22. c3 b5 23. Qd2 Rfe8 24. Bf4 Nd7 25. Nb3 Qe7 26. a4 bxa4 27. Rxa4 Qf6 28. Rea1 Qb6 29. Rb4 Qc6 30. Ra5 Bf8 31. Nd4 Qc8 32. Rba4 Nc5 33. Ra1 Bg7 34. R5a3 a5 35. b4 e3 36. fxe3 Ne4 37. Qe1 g5 38. Bg3 Bf8 39. Bd3 a4 40. Bf2 Bg6 41. Bb5 Rd8 42. Bc6 Ra7 43. Rxa4 Rxa4 44. Rxa4 Qc7 45. Bg3 Qf7 46. Ra5 h5 47. Nf3 h4 48. Bf2 Bg7 49. Nd4 Rd6 50. b5 Rf6 51. Ra2 Rd6 52. Ra8+ Kh7 53. h3 Bh5 54. Be8 Qb7 55. Bxh5 Qxa8 56. Bf3 Nxf2 57. Kxf2 Qa2+ 58. Kg1 Be5 59. e4 Bg3 60. Qf1 Qd2 61. Nf5 Re6 62. Nd4 Re8 63. Bh5 Rf8 64. Bf3 Qe3+ 65. Kh1 dxe4 66. Qb1 Kh8 67. Bxe4 Qxe4 0-1

[Event "Isthmia op 3rd"]
[Site "Vrachati"]
[Date "2013.08.18"]
[Round "1"]
[White "Pandelidis, Ioannis"]
[Black "Papaioannou, Ioannis"]
[Result "0-1"]
[WhiteElo "2064"]
[BlackElo "2624"]
[PlyCount "132"]
[EventDate "2013.08.18"]
[EventType "swiss"]
[EventRounds "9"]
[EventCountry "GRE"]
[SourceTitle "CBM 156 Extra"]
[Source "ChessBase"]
[SourceDate "2013.10.22"]
[SourceVersion "1"]
[SourceVersionDate "2013.10.22"]
[SourceQuality "1"]

1. e4 c5 2. Nc3 a6 3. Nge2 d6 4. g3 Nc6 5. Bg2 Nf6 6. 0-0 e6 7. d4 cxd4 8. Nxd4 Qc7 9. Nb3 Be7 10. a4 b6 11. f4 0-0 12. Qe2 Rb8 13. Bd2 Re8 14. Rae1 Nd7 15. Qf2 Bb7 16. g4 Ba8 17. g5 b5 18. axb5 axb5 19. Kh1 b4 20. Ne2 Bf8 21. Ned4 Nxd4 22. Nxd4 Nc5 23. Re3 g6 24. c3 e5 25. Ne2 exf4 26. Qxf4 Re5 27. Nd4 b3 28. Qh4 Qe7 29. Rh3 h5 30. gxh6 Nxe4 31. h7+ Kh8 32. Qxe7 Rxe7 33. Bf4 Nf2+ 34. Kg1 Bxg2 35. Kxg2 Nxh3 36. Bxd6 Rbb7 37. Bxe7 Bxe7 38. Kxh3 Bc5 39. Nf3 Kxh7 40. Ng5+ Kg7 41. Ne4 Bf8 42. Nd2 Be7 43. Kg4 f5+ 44. Kf3 Bg5 45. Nc4 Rd7 46. Rg1 Bf6 47. Ke2 Re7+ 48. Kf2 Kh6 49. Ra1 Kh5 50. Nd2 Bg5 51. Nxb3 Rb7 52. Nd4 Rxb2+ 53. Ne2 Be7 54. Ra5 Bd6 55. h3 Bc7 56. Rd5 Kh4 57. Rd7 Be5 58. Kf3 Rb1 59. Rh7+ Kg5 60. h4+ Kf6 61. Nd4 Rc1 62. Ne2 Rd1 63. c4 Rd3+ 64. Kg2 f4 65. Kf2 f3 66. Ng3 Bd4+ 0-1

[Event "Nikaia op 19th"]
[Site "Nikaia"]
[Date "2011.08.30"]
[Round "6"]
[White "Sidiropoulos, Nikolaos1111"]
[Black "Pandelidis, Ioannis"]
[Result "0-1"]
[WhiteElo "2043"]
[BlackElo "2106"]
[PlyCount "60"]
[EventDate "2011.08.26"]
[EventType "swiss"]
[EventRounds "9"]
[EventCountry "GRE"]
[SourceTitle "CBM 144 Extra"]
[Source "ChessBase"]
[SourceDate "2011.10.28"]
[SourceVersion "1"]
[SourceVersionDate "2011.10.28"]
[SourceQuality "1"]

1. e4 e5 2. Nf3 Nc6 3. Bc4 Bc5 4. c3 Nf6 5. d3 d6 6. 0-0 Bb6 7. Nbd2 0-0 8. h3 Kh8 9. Re1 Ng8 10. Nf1 f5 11. exf5 Bxf5 12. Bg5 Qd7 13. Ng3 Bg6 14. Be3 Nge7 15. Bxb6 axb6 16. d4 e4 17. Nh4 d5 18. Nxg6+ Nxg6 19. Be2 Qd6 20. Rf1 Nce7 21. c4 c6 22. Qb3 Nf4 23. Qxb6 Nf5 24. Bg4 Nh4 25. Qxb7 Qg6 26. cxd5 cxd5 27. Rac1 h5 28. Rc8 Raxc8 29. Bxc8 Ne2+ 30. Kh2 Rxf2 0-1

[Event "Nikaia op 19th"]
[Site "Nikaia"]
[Date "2011.08.28"]
[Round "4"]
[White "Zygouris, Hristos"]
[Black "Pandelidis, Ioannis"]
[Result "1-0"]
[WhiteElo "2240"]
[BlackElo "2106"]
[PlyCount "85"]
[EventDate "2011.08.26"]
[EventType "swiss"]
[EventRounds "9"]
[EventCountry "GRE"]
[SourceTitle "CBM 144 Extra"]
[Source "ChessBase"]
[SourceDate "2011.10.28"]
[SourceVersion "1"]
[SourceVersionDate "2011.10.28"]
[SourceQuality "1"]

1. c4 b6 2. Nc3 e6 3. e4 Bb7 4. g3 Bb4 5. Nge2 f5 6. Bg2 Nf6 7. d3 0-0 8. 0-0 Bxc3 9. Nxc3 fxe4 10. dxe4 e5 11. Be3 d6 12. h3 a5 13. a3 Nbd7 14. Qc2 Nc5 15. b4 Ne6 16. c5 axb4 17. axb4 Nd4 18. Bxd4 exd4 19. Ne2 Qe8 20. f3 Rxa1 21. Rxa1 d5 22. Nxd4 dxe4 23. c6 Bc8 24. fxe4 Qe5 25. Qc4+ Kh8 26. Ra3 Nh5 27. Qd5 Qe8 28. e5 Qe7 29. Kh2 Rd8 30. Qe4 g6 31. Ra8 Ng7 32. b5 Ne6 33. Nxe6 Qxe6 34. h4 Rd2 35. Rxc8+ Qxc8 36. e6 Rd6 37. Qe5+ Kg8 38. Bd5 Qe8 39. e7+ Rxd5 40. Qxd5+ Kg7 41. Qe6 h6 42. g4 g5 43. h5 1-0

[Event "Nikaia op 19th"]
[Site "Nikaia"]
[Date "2011.08.27"]
[Round "3"]
[White "Pandelidis, Ioannis"]
[Black "Terzidaki, Alexandra"]
[Result "1-0"]
[WhiteElo "2106"]
[BlackElo "1938"]
[PlyCount "43"]
[EventDate "2011.08.26"]
[EventType "swiss"]
[EventRounds "9"]
[EventCountry "GRE"]
[SourceTitle "CBM 144 Extra"]
[Source "ChessBase"]
[SourceDate "2011.10.28"]
[SourceVersion "1"]
[SourceVersionDate "2011.10.28"]
[SourceQuality "1"]

1. d4 e6 2. Nf3 Nf6 3. Bf4 Be7 4. Nbd2 0-0 5. e3 b6 6. Bd3 Bb7 7. e4 d5 8. e5 Nfd7 9. Qe2 c5 10. c3 a5 11. h4 Ba6 12. Ng5 g6 13. Ndf3 h5 14. a3 Bxd3 15. Qxd3 c4 16. Qc2 Kg7 17. Ke2 Nc6 18. Rag1 b5 19. g4 Bxg5 20. Nxg5 hxg4 21. h5 Rh8 22. hxg6 1-0

[Event "Piraeus-ch 40th"]
[Site "Egaleo"]
[Date "2004.12.04"]
[Round "7.2"]
[White "Pandelidis, Ioannis"]
[Black "Katsiris, Ioannis"]
[Result "1/2-1/2"]
[WhiteElo "2131"]
[BlackElo "2093"]
[PlyCount "94"]
[EventDate "2004.11.13"]
[EventType "swiss"]
[EventRounds "9"]
[EventCountry "GRE"]
[SourceTitle "EXT 2024"]
[Source "ChessBase"]
[SourceDate "2023.10.10"]
[SourceVersion "1"]
[SourceVersionDate "2023.10.10"]
[SourceQuality "1"]

1. e4 c5 2. Nf3 Nc6 3. d4 cxd4 4. Nxd4 e5 5. Nb5 d6 6. N1c3 a6 7. Na3 b5 8. Nd5 Nge7 9. c4 Nd4 10. Be3 Nxd5 11. cxd5 g6 12. Bd3 Bg7 13. 0-0 0-0 14. Qd2 f5 15. f3 Bd7 16. Rac1 fxe4 17. fxe4 Rxf1+ 18. Rxf1 Rc8 19. Kh1 Qc7 20. h3 Rf8 21. Rxf8+ Bxf8 22. Qc3 Qd8 23. Qe1 Be7 24. Qd2 Bh4 25. Nc2 Nxc2 26. Bxc2 Bg3 27. Bg5 Qf8 28. Bd3 Bf4 29. Bxf4 Qxf4 30. Qe2 g5 31. a4 g4 32. hxg4 Bxg4 33. Qf1 Qxf1+ 34. Bxf1 bxa4 35. Bxa6 Bd1 36. Bd3 Kf7 37. Kg1 Kf6 38. Kf2 Kg5 39. g3 Kg4 40. Bb5 Bc2 41. Bd7+ Kg5 42. Ke3 h6 43. Bf5 Bd1 44. Bd7 Bc2 45. Bh3 Bd1 46. Kd2 Bf3 47. Ke3 Bd1 1/2-1/2